Landslide

Bibliographic Details
Format: eBook
Language:English
Published: Chicago: American Bar Association, 2017 -
Subjects:
Online Access:Acceso restringido

MARC

LEADER 00000nam a22000007a 4500
005 2021022508568.0
007 cr|||| ||||
008 210225c20179999us br|w s|||| 0|||b1eng d
035 |a 31577 
040 |a vLex 
090 |c 11285  |d 11285 
245 0 0 |a Landslide  |h [Recurso electrn̤ico] / 
256 |a Servicio en ln̕ea 
260 |a Chicago:  |b American Bar Association,  |c 2017 - 
300 |a 1 recurso electrn̤ico 
310 |a Bimestral 
506 1 |a Disponible solo en los productos indicados  |d vLex Global  |d vLex Global (Academic Edition, excluding Law Schools)  |d vLex Global (Academic Edition, Law Schools) 
650 0 4 |a Derecho Constitucional  |z Estados Unidos 
740 0 |a vLex Revistas (Servicio en ln̕ea) 
856 4 0 |u http://vlex.com/source/landslide-31577  |z Acceso restringido 
942 |c REV 
999 0 |a Constitutional right